000 00499nam a22001937a 4500
003 LK-CoDNM
005 20250107114301.0
008 250107b |||||||| |||| 00| 0 eng d
040 _aLK-CoDNM
_dLK-CoDNM
_eLK-CoDNM
041 _aeng
080 _a4
_bG16
100 _aThurston,Edgar.
245 _aCatologue of the Batrachia Salientia and Apoda
260 _aMadras
_bSuperintendent .Government Press
_c1888
300 _a50p ; 24 cm
650 _aScience
650 _a4 G16
942 _cBK
999 _c235257
_d235257